| 000 | 00941nam a22002657a 4500 | ||
|---|---|---|---|
| 003 | OSt | ||
| 005 | 20160816175033.0 | ||
| 008 | 160816b xxu||||| |||| 00| 0 eng d | ||
| 020 | _a978-0-07-311226-8 (pbk.) | ||
| 040 | _cLIC | ||
| 082 |
_22007 _aDC 361.32072 _bK85r |
||
| 100 |
_912885 _aKrysik, Judy L. |
||
| 245 |
_aResearch for effective social work practice/ _cJudy L. Krysik ; Jerry Finn. |
||
| 260 |
_aBoston : _bMcGraw Hill, _cc2007. |
||
| 300 |
_axxix, 387 pages : _billustrations ; _c23 cm. |
||
| 500 | _aIncludes bibliographical references and index. | ||
| 650 | 0 |
_912886 _aSocial work -- Research. |
|
| 650 | 0 |
_912887 _aSocial work -- Methodology. |
|
| 650 | 0 |
_912888 _aSocial workers -- Professional ethics |
|
| 650 | 0 |
_912889 _aQualitative research -- Moral and ethical aspects |
|
| 650 | 0 |
_912890 _aGroup work in research |
|
| 650 | 0 |
_912891 _aSampling (Statistics) |
|
| 700 |
_912892 _aFinn, Jerry. |
||
| 942 |
_2ddc _cDC |
||
| 999 |
_c3871 _d3871 |
||